Culture générale ! Une image... Un des... (15) - Statistiques

Statistiques générales
  • Ce quiz a été pris 124 fois
  • Le résultat moyen est 9 sur 20
Statistiques - réponses
Par images Hint Réponse % Correct
sports baseball
96%
marques automobiles italiennes Ferrari
95%
gares de Paris Montparnasse
70%
races de chien caniche
68%
pictogrammes olympiques biathlon
64%
films français célébrissimes La Boum
63%
arbres fruitiers cerisier
61%
coquillages de France couteau
61%
symboles d'un pays (nom) Royaume-Uni
50%
rois de France Henri IV
42%
princesses héritières européénnes (pays) Espagne
32%
membres de la famille royale anglaise Louis
28%
albums de Lucky Luke (titre) Ma Dalton
26%
inconnues célèbres Lorie Pester
25%
portes célèbres 10 Downing street
23%
pays sans armée Grenade
23%
château les plus connus de France If
21%
assassinés célèbres Jean Jaurès
21%
meubles semainier
11%
astronautes français Patrick Baudry
4%
Aucun quiz correspondant
Distribution des résultats
% des personnes avec chaque résultat
Percentile par nombre de réponses
Votre historique - résultats
Vous n’avez pas pris ce quiz